Ekonomika oběhu zboží a jeho tržní zajišťování

Enregistré dans:
Détails bibliographiques
Auteur principal: Rulf, Vladimír
Format: Livre
Langue:tchèque
Publié: Praha Výzkumný ústav obchodu 1987
Collection:Knižnice VÚO 212
Tags: Ajouter un tag
Pas de tags, Soyez le premier à ajouter un tag!

MARC

LEADER 00000nam a2200000 4500
001 c035012
005 20251110132054.9
041 0 |a cze 
044 |a CZ 
245 1 0 |a Ekonomika oběhu zboží a jeho tržní zajišťování  |c Vladimír Rulf 
264 1 |a Praha  |b Výzkumný ústav obchodu  |c 1987 
300 |a 36 s. 
490 1 |a Knižnice VÚO  |v 212 
830 0 |a Knižnice VÚO  |v 212 
100 1 |a Rulf, Vladimír